| 000 | 00336nam a22001217a 4500 | ||
|---|---|---|---|
| 999 |
_c4911 _d4911 |
||
| 008 | 250422b ||||| |||| 00| 0 eng d | ||
| 020 | _a9780750296557 | ||
| 082 | _a580.1 BAL | ||
| 100 |
_aBALLARD,CAROL _eAUTHOR |
||
| 245 | _aPLANT VARIATION AND CLASSIFICATION | ||
| 260 |
_aCARMELITE HOUSE,50 VICTORIA EMBANKMENT _bWAYLAND |
||
| 942 | _2ddc | ||